000 00541nam a2200181 a 4500
001 000031220
005 20200930062801.0
008 110615s1920 dr c 000 | spa d
040 _aDO-SdBNP
_bspa
_cBNPHU
082 _axxx
_bP592m
100 1 _aPichardo, Bernardo
_d1877-1924
_926162
245 1 0 _aMinutos literarios /
_cBernardo Pichardo.
260 _aLa Vega, República Dominicana :
_bImprenta y Linotipo El Progreso,
_c1920.
300 _a40 p :
_bretr. ;
_c16 cm.
490 1 _aNacional
830 0 _aNacional
_926374
049 _aBNPD
999 _c30712
_d30712